Statistics for Cities with the most skyscrapers in the western hemisphere

Click here to take the quiz!

General Stats

  • This quiz has been taken 59 times
  • The average score is 13 of 16

Answer Stats

# Skyscrapers Answer % Correct
273New York City
100%
123Chicago
100%
24Los Angeles
98%
38Houston
93%
24San Francisco
93%
60Toronto
91%
50Miami
89%
20Mexico City
89%
20Dallas
87%
19Boston
85%
19Seattle
84%
17Atlanta
75%
14Las Vegas
62%
19London
60%
52Panama City
58%
17Calgary
29%

Score Distribution

Percentile by Number Answered

Percent of People with Each Score

Your Score History

You have not taken this quiz